01365nam a22003617a 4500003000500000005001700005008004100022010000900063011000900072035000900081040000900090090001000099100004500109245010900154260004000263300003000303500001100333502009900344590003700443590004100480590004100521590004100562590004100603590004100644590004200685650004300727650003300770901000700803942001000810949004100820999001500861952012700876CHAP20220329133354.0971013s1990 r 00010 d a5602 a6574 a5794 cCHAP aTesis00aRojas Rosillo, María Guadalupe.999370 aEfecto de las políticas de protección en el cultivo del sorgo en el estado de Guanajuato (1970-1989) aChapingo, Méx. :bEl autor,c1990 a111 h.b: ilus.e+ anexos a58-141 aTesis (Ing. Agr. Esp. en Economía Agrícola) -- UACH. Departamento de Economía Agrícola aALEPHb10c20130110lUCH01h1216 aBATCH-UPDb10c20130109lUCH01h2355 aBATCH-UPDb10c20130110lUCH01h1242 aBATCH-UPDb10c20130409lUCH01h1928 aBATCH-UPDb10c20130410lUCH01h0807 aBATCH-UPDb10c20130914lUCH01h2008 aCONVERSIONb10c20130109lUCH01h130414aSorgoxCostos de producción.910864114aSorgoxProducción.9108709 aBK cTESIS bBCcTESd-15389eTS1h23863i5794si c5602d5602 00102local4051708TESISaBCbBCcPA_TESISd2019-12-31fTESISl0oTesisp-15389r2019-12-31 00:00:00w2019-12-31yTESIS